LIBRARY & INFORMATION CENTRE, KCAET, TAVANUR

ONLINE PUBLIC ACCESS CATALOGUE (OPAC)

Tractor mechanics : theory, maintenance and repair / (Record no. 104)

MARC details
000 -LEADER
fixed length control field 00522cam a2200217ua 4500
041 ## - LANGUAGE CODE
Language code of text/sound track or separate title eng
082 ## - DEWEY DECIMAL CLASSIFICATION NUMBER
Classification number 631.372
Item number GUP/TR
100 ## - MAIN ENTRY--AUTHOR NAME
Personal name Gupta, R B.
245 ## - TITLE STATEMENT
Title Tractor mechanics : theory, maintenance and repair /
250 ## - EDITION STATEMENT
Edition statement 1 /
260 ## - PUBLICATION, DISTRIBUTION, ETC. (IMPRINT)
Place of publication New Delhi :
Name of publisher Satya Prakashan ,
Year of publication 1987.
300 ## - PHYSICAL DESCRIPTION
Number of Pages 268 ; .
700 1# - ADDED ENTRY--PERSONAL NAME
Personal name Gupta, B K.
942 ## - ADDED ENTRY ELEMENTS (KOHA)
Koha item type Books
003 - CONTROL NUMBER IDENTIFIER
control field @
003 - CONTROL NUMBER IDENTIFIER
control field OSt
Holdings
Withdrawn status Lost status Damaged status Home library Current library Date acquired Full call number Accession Number Koha item type
      KAUAET KAUAET 07/04/2012 631.372 19416 Books
free website counter